LEADER 00984nam0-22003251i-450 001 990003908010403321 005 20230217130547.0 010 $a88-348-0563-1 035 $a000390801 035 $aFED01000390801 035 $a(Aleph)000390801FED01 100 $a20020509d2001----km-y0itay50------ba 101 0 $aita 102 $aIT 200 1 $aLegami federativi e declino della sovranità.Quattro percorsi costituzionali emblematici$fRoberto Louvin 210 $aTorino$cGiappichelli$d2001 215 $a200 p.$d25 cm 610 0 $aStato federale 610 0 $aStato nazionale 610 0 $aAutonomismo 700 1$aLouvin,$bRoberto$0147285 801 0$aIT$bUNINA$gRICA$2UNIMARC 901 $aBK 912 $a990003908010403321 952 $aDP XVII/140$b19828$fDEC 952 $aFL COS 179$bFL-1398$fDECBC 959 $aDEC 959 $aDECBC 996 $aLegami federativi e declino della sovranità.Quattro percorsi costituzionali emblematici$9516099 997 $aUNINA LEADER 01299nam 2200361 450 001 9910309947103321 005 20230817190108.0 010 $a1-5386-6638-3 035 $a(CKB)4970000000008935 035 $a(WaSeSS)IndRDA00121636 035 $a(EXLCZ)994970000000008935 100 $a20200410d2019 uy 0 101 0 $aeng 135 $aur||||||||||| 181 $ctxt$2rdacontent 182 $cc$2rdamedia 183 $acr$2rdacarrier 200 10$aICT-DM $e2018 5th International Conference on Information and Communication Technologies for Disaster Management : 4-7 December 2018, Sendai, Japan /$fInstitute of Electrical and Electronics Engineers 210 1$aPiscataway, New Jersey :$cInstitute of Electrical and Electronics Engineers,$d2019. 215 $a1 online resource (381 pages) 311 $a1-5386-6639-1 606 $aEmergency management$xData processing$vCongresses 606 $aEmergency communication systems$vCongresses 615 0$aEmergency management$xData processing 615 0$aEmergency communication systems 676 $a363.345 712 02$aInstitute of Electrical and Electronics Engineers, 801 0$bWaSeSS 801 1$bWaSeSS 906 $aPROCEEDING 912 $a9910309947103321 996 $aICT-DM$92541718 997 $aUNINA